000 01316nam a2200397 i 4500
001 4566
003 KOSZ 005
005 20201216094737.0
008 970612s1990 pl a f f |001 0 pol
015 _aPB 1991/2066
020 _a8301095911
040 _aWA N
_cWA N
_dKOSZ 005/HR
080 _a37.016:54
080 _a(075.8)
100 1 _aGalska-Krajewska, Anna
_eAutor
245 1 0 _aDydaktyka chemii /
_cAnna Galska-Krajewska, Krzysztof M. Pazdro.
260 _aWarszawa :
_bPaństwowe Wydawnictwo Naukowe,
_c1990.
300 _a534, [2] s. :
_b1 fot., rys., wykr. ;
_c24 cm.
336 _2rdacontent
_aTekst
_btxt
337 _2rdamedia
_aBez urządzenia pośredniczącego
_bn
338 _2rdacarrier
_aWolumin
_bnc
380 _aKsiążki
380 _aPubliikacje dydaktyczne
385 _mPoziom nauczania
_aSzkoły wyższe
388 _a1901-2000
388 _a1989-2000
504 _aBibliogr. s. 218-238, 509-520. - Indeks.
650 4 _aChemia
650 4 _aNauczanie
655 4 _aPodręczniki akademickie
658 _aEdukacja i pedagogika
658 _aChemia
700 1 _aPazdro, Krzysztof Maciej
_d(1941-2016)
_eAutor
856 _uhttp://koha.tu.koszalin.pl/cgi-bin/koha/opac-detail.pl?biblionumber=4566
_yKatalog online BPK
942 _2UKD
_cKS
999 _c4566
_d4566